LGBT identity and online new media /

সংরক্ষণ করুন:
গ্রন্থ-পঞ্জীর বিবরন
অন্যান্য লেখক: Cooper, Margaret, (1964- ), Pullen, Christopher
বিন্যাস: গ্রন্থ
ভাষা:ইংরেজি
প্রকাশিত: New York : Routledge, 2010
ট্যাগগুলো: ট্যাগ যুক্ত করুন
কোনো ট্যাগ নেই, প্রথমজন হিসাবে ট্যাগ করুন!

MARC

LEADER 00000nam a22000007i 4500
001 IT\ICCU\UBO\4304072
003 ItRI
005 20260115231959.0
008 180317s2010 xxu|||||| ||||| |||||c
020 |a 9780203855430 (ebk) 
020 |a 9780415998666 (hbk) 
020 |a 9780415998673 (pbk) 
040 |b ita  |c importazione bologna sebina 
041 7 |a eng  |2 ISO-639-2 
245 0 0 |a LGBT identity and online new media /  |c edited by Christopher Pullen and Margaret Cooper. 
260 |a New York :  |b Routledge,  |c 2010 
300 |a xiv, 312 p. :  |b ill. ;  |c 23 cm 
700 1 |a Cooper, Margaret,  |d  (1964- )  |0 IT\ICCU\UBOV\453876 
700 1 |a Pullen, Christopher  |0 IT\ICCU\UBOV\453872 
942 |2 ddc  |c BK  |n 0 
952 |0 0  |1 0  |4 0  |6 DOC_302_230000000000000_PUL  |7 0  |9 18453  |a BO  |b BO  |d 2026-01-15  |i 18661  |l 0  |o DOC 302.230 PUL  |p BO18661  |r 2026-01-15 23:19:59  |w 2026-01-15  |x [Sebina 5] [1 v.]  |y BK  |z 1 v. 
999 |c 15617  |d 15617